[Event "Olsztyn op"]
[Site "Olsztyn"]
[Date "2010.05.23"]
[Round "4"]
[White "Lipiejko, Artur"]
[Black "Skomski, Karol"]
[Result "1/2-1/2"]
[WhiteElo "1896"]
[BlackElo "1631"]
[PlyCount "114"]
[EventDate "2010.05.22"]
[EventType "swiss"]
[EventRounds "9"]
[EventCountry "POL"]
[SourceTitle "CBM 136 Extra"]
[Source "ChessBase"]
[SourceDate "2010.07.02"]
[SourceVersion "2"]
[SourceVersionDate "2010.07.15"]
[SourceQuality "1"]

1. d4 d5 2. c4 e6 3. Nc3 Nf6 4. Bg5 Nbd7 5. Nf3 c6 6. e3 Qa5 7. Bxf6 Nxf6 8. Nd2 Bb4 9. Qc2 0-0 10. Bd3 h6 11. 0-0 Nd7 12. e4 dxe4 13. Ndxe4 e5 14. a3 Be7 15. b4 Qd8 16. dxe5 Nxe5 17. Rad1 Qc7 18. c5 Bf5 19. Nf6+ Bxf6 20. Bxf5 Rad8 21. Ne4 Be7 22. Nd6 Bxd6 23. cxd6 Rxd6 24. f4 Ng6 25. g3 Ne7 26. Rxd6 Qxd6 27. Rd1 Qc7 28. Rd7 Qb6+ 29. Kg2 Nd5 30. Kh3 Re8 31. Bg6 fxg6 32. Qxg6 Nxf4+ 33. gxf4 Qe3+ 34. Qg3 Qe6+ 35. Qg4 Qf6 36. Rd3 Rd8 37. Re3 b6 38. Qe6+ Qxe6+ 39. Rxe6 c5 40. bxc5 bxc5 41. Rc6 Rd3+ 42. Kg4 Rxa3 43. Rxc5 a5 44. Rc7 Ra1 45. h4 a4 46. Ra7 a3 47. h5 a2 48. Kf5 g6+ 49. hxg6 Rb1 50. Rxa2 Rb5+ 51. Kg4 h5+ 52. Kh4 Kg7 53. Rg2 Rf5 54. Rg5 Rxf4+ 55. Kxh5 Rf1 56. Re5 Rh1+ 57. Kg5 Rh2 1/2-1/2

[Event "Olsztyn op"]
[Site "Olsztyn"]
[Date "2010.05.23"]
[Round "3"]
[White "Skomski, Karol"]
[Black "Adamowicz, Piotr"]
[Result "1-0"]
[WhiteElo "1631"]
[BlackElo "1355"]
[PlyCount "81"]
[EventDate "2010.05.22"]
[EventType "swiss"]
[EventRounds "9"]
[EventCountry "POL"]
[SourceTitle "CBM 136 Extra"]
[Source "ChessBase"]
[SourceDate "2010.07.02"]
[SourceVersion "2"]
[SourceVersionDate "2010.07.15"]
[SourceQuality "1"]

1. e4 e5 2. Nf3 Nc6 3. Bc4 Bc5 4. d3 h6 5. Nc3 d6 6. h3 Nf6 7. 0-0 Na5 8. Bb3 Nxb3 9. axb3 Be6 10. Kh1 Nd7 11. Nh2 g5 12. Be3 Qf6 13. Nb5 Qd8 14. c4 a6 15. Nc3 Qf6 16. Nd5 Bxd5 17. cxd5 Qg6 18. Bxc5 Nxc5 19. b4 Nd7 20. b5 Ke7 21. Qc2 Rhc8 22. bxa6 bxa6 23. Ra3 Ra7 24. b4 f5 25. f3 fxe4 26. dxe4 Qe8 27. Rfa1 Rca8 28. Qe2 Qc8 29. Ng4 h5 30. Ne3 Qb7 31. Nf5+ Kf6 32. f4 exf4 33. Qxh5 Ne5 34. h4 Rg8 35. Qh6+ Rg6 36. hxg5+ Kf7 37. Qh7+ Kf8 38. Qh8+ Kf7 39. Rh3 Rxg5 40. Rh7+ Kg6 41. Qg7# 1-0

[Event "Olsztyn op"]
[Site "Olsztyn"]
[Date "2010.05.22"]
[Round "1"]
[White "Skomski, Karol"]
[Black "Budrewicz, Krzysztof"]
[Result "0-1"]
[WhiteElo "1631"]
[BlackElo "2278"]
[PlyCount "52"]
[EventDate "2010.05.22"]
[EventType "swiss"]
[EventRounds "9"]
[EventCountry "POL"]
[SourceTitle "CBM 136 Extra"]
[Source "ChessBase"]
[SourceDate "2010.07.02"]
[SourceVersion "2"]
[SourceVersionDate "2010.07.15"]
[SourceQuality "1"]

1. e4 c5 2. f4 Nc6 3. Nf3 g6 4. Nc3 Bg7 5. Bb5 Nd4 6. Nxd4 cxd4 7. Ne2 a6 8. Bc4 d6 9. 0-0 e6 10. a4 Ne7 11. d3 0-0 12. Bd2 d5 13. Bb3 Bd7 14. c3 dxe4 15. dxe4 Bc6 16. Ng3 h5 17. Re1 h4 18. Nf1 b5 19. a5 h3 20. g4 Nc8 21. f5 exf5 22. exf5 Nd6 23. fxg6 Nc4 24. Bc2 d3 25. Bb3 Qd5 26. Ne3 Qh1+ 0-1

[Event "Olsztyn-ch"]
[Site "Olsztyn"]
[Date "2008.04.27"]
[Round "8.8"]
[White "Skomski, Karol"]
[Black "Reza, Wojciech"]
[Result "0-1"]
[WhiteElo "1617"]
[BlackElo "1866"]
[PlyCount "68"]
[EventDate "2008.04.19"]
[EventType "swiss"]
[EventRounds "9"]
[EventCountry "POL"]
[SourceTitle "EXT 2023"]
[Source "ChessBase"]
[SourceDate "2022.10.05"]
[SourceVersion "1"]
[SourceVersionDate "2022.10.05"]
[SourceQuality "1"]

1. e4 c5 2. Nf3 d6 3. Nc3 g6 4. Bb5+ Bd7 5. Bxd7+ Nxd7 6. d3 Bg7 7. 0-0 Ngf6 8. h3 a6 9. Nh2 b5 10. Qe2 0-0 11. f4 e6 12. Be3 Ne8 13. f5 exf5 14. exf5 Nc7 15. Ng4 Re8 16. Qd2 Kh8 17. fxg6 fxg6 18. Ne4 Ne5 19. Bg5 Qb8 20. Nxd6 Rf8 21. Nxe5 Bxe5 22. Nf7+ Rxf7 23. Rxf7 Nd5 24. Raf1 Qd6 25. Be7 Nxe7 26. Qh6 Bg7 27. Qg5 Nf5 28. c3 Qe5 29. R1xf5 gxf5 30. Rxf5 Qe1+ 31. Kh2 Re8 32. Rxc5 Be5+ 33. Rxe5 Qxe5+ 34. Qxe5+ Rxe5 0-1